000 00358nam a2200157Ia 4500
003 OSt
005 20240116104351.0
008 170523s9999 xx 000 0 und d
020 _a9788172160708
040 _cIIMT UNIVERSITY
100 _aSADGOPAN- S
245 0 _aMANAGEMENT INFORMATION SYSTEM
260 _bNEW DELHI PHI
260 _c1999
942 _2ddc
_c06
999 _c28
_d28